000 004140000a22001210004500
090 _aAS
_bSeriadas
245 1 0 _aManglares del Caribe colombiano: Síntesis de su conocimiento
041 0 _aEspañol
700 1 _aPolanía, Jaima
_999072
100 1 _aAlvarez León, Ricardo
_91884
942 _cARTICULO
773 1 _tRevista de la Academia Colombiana de Ciencias Exactas, Fisicas y Naturales
_332
_h78
_q447-464
_d1996
_g20
999 _c14004
_d14004